Nuevas tendencias en la tecnología Bluetooth
Bewaard in:
| Hoofdauteur: | |
|---|---|
| Andere auteurs: | |
| Formaat: | Boek |
| Taal: | Spanish |
| Gepubliceerd in: |
[San José], Costa Rica
2013
|
| Onderwerpen: | |
| Tags: |
Voeg label toe
Geen labels, Wees de eerste die dit record labelt!
|
MARC
| LEADER | 00000nam a22000007a 4500 | ||
|---|---|---|---|
| 003 | 011798 | ||
| 005 | 20230622113232.0 | ||
| 008 | 150421b2013 cr a|||| |||| 00| 0 spa d | ||
| 040 | |c cru CEDI | ||
| 100 | |9 727 |a Garita Bustamante, Esteban, 1991- | ||
| 245 | |a Nuevas tendencias en la tecnología Bluetooth | ||
| 260 | |a [San José], Costa Rica |c 2013 | ||
| 500 | |a Proyecto de graduación (bachillerato en ingeniería eléctrica)-- Universidad de Costa Rica. Facultad de Ingeniería. Escuela de Ingeniería Eléctrica | ||
| 501 | |a Profesor Guía de IE-0499 Proyecto Eléctrico: Ing. Teodoro Willink Castro | ||
| 650 | |x TECNOLOGIA DEL BLUETOOTH |x SISTEMAS MOVILES DE COMUNICACION |x SISTEMAS DE TELECOMUNICACION |x REDES DE TELECOMUNICACIONES |9 774 | ||
| 700 | |9 728 |a Willink Castro, Teodoro, 1986- |d Director de Proyecto Eléctrico | ||
| 942 | |c CEDI |h TFG 6967 |6 TFG_6967_000000000000000 | ||
| 999 | |c 13842 |d 13842 | ||
